Rhetorical affect in early modern writing (Record no. 206388)
[ view plain ]
| 000 -LEADER | |
|---|---|
| fixed length control field | 01558nam a2200373 a 4500 |
| 082 04 - DEWEY DECIMAL CLASSIFICATION NUMBER | |
| Classification number | 820.9/353 |
| 100 1# - MAIN ENTRY--AUTHOR NAME | |
| Personal name | Cockcroft, Robert, |
| 245 10 - TITLE STATEMENT | |
| Title | Rhetorical affect in early modern writing |
| 260 ## - PUBLICATION, DISTRIBUTION, ETC. (IMPRINT) | |
| Place of publication | New York : |
| Name of publisher | Palgrave Macmillan, |
| Year of publication | 2003. |
| 300 ## - PHYSICAL DESCRIPTION | |
| Number of Pages | 209 p. |
| 650 #0 - SUBJECT ADDED ENTRY--TOPICAL TERM | |
| Topical Term | English literature |
| Topical Term | Emotions in literature. |
| Topical Term | Authors and readers |
| Topical Term | Authors and readers |
| Topical Term | English language |
| Topical Term | Renaissance |
| Topical Term | Affect (Psychology) |
| 856 40 - ELECTRONIC LOCATION AND ACCESS | |
| Uniform Resource Identifier | http://site.ebrary.com/lib/rucke/Doc?id=10103725 |
No items available.
